Introduction to virology (Record no. 3914)

000 -LEADER
fixed length control field 00584nam a22002057a 4500
003 - CONTROL NUMBER IDENTIFIER
control field OSt
005 - DATE AND TIME OF LATEST TRANSACTION
control field 20220221122059.0
008 - FIXED-LENGTH DATA ELEMENTS--GENERAL INFORMATION
fixed length control field 220221b ||||| |||| 00| 0 eng d
020 ## - INTERNATIONAL STANDARD BOOK NUMBER
International Standard Book Number 0412219603
040 ## - CATALOGING SOURCE
Transcribing agency ALUPE UNIVERSITY COLLEGE
050 ## - LIBRARY OF CONGRESS CALL NUMBER
Classification number QR360
Item number .S5 .R7 1980
100 ## - MAIN ENTRY--PERSONAL NAME
Personal name Smith Manley Kenneth
245 ## - TITLE STATEMENT
Title Introduction to virology
260 ## - PUBLICATION, DISTRIBUTION, ETC.
Place of publication, distribution, etc. London
Name of publisher, distributor, etc. Chapman and Hall ; New York : J. Wiley.
Date of publication, distribution, etc. 1980.
300 ## - PHYSICAL DESCRIPTION
Extent vii, 212p
Other physical details Illustrationen ;
Dimensions 24 cm.
500 ## - GENERAL NOTE
General note Includes indexes
650 ## - SUBJECT ADDED ENTRY--TOPICAL TERM
Source of heading or term Virology
700 ## - ADDED ENTRY--PERSONAL NAME
Personal name Ritchie A. Donald
942 ## - ADDED ENTRY ELEMENTS (KOHA)
Source of classification or shelving scheme
Koha item type Book
Suppress in OPAC PW
Holdings
Withdrawn status Lost status Source of classification or shelving scheme Damaged status Not for loan Permanent Location Current Location Shelving location Date acquired Source of acquisition Total Checkouts Full call number Barcode Date last seen Price effective from Koha item type Public note
          AU LIBRARY AU LIBRARY Open Shelf 21.02.2022 DONATION FROM MOI UNIVERSITY   QR360 .S5R7 1980 28005712 21.02.2022 21.02.2022 Book PW

Powered by Koha